Statistics for Hardest Sports To Play

Click here to take the quiz!

General Stats

  • This quiz has been taken 50 times
  • The average score is 8 of 15

Answer Stats

RankSport% Correct
10Soccer
100%
3American Football
98%
4Basketball
85%
2Ice Hockey
78%
9Baseball/Softball
74%
7Tennis
72%
1Boxing
63%
13Rugby
63%
5Wrestling
50%
6Martial Arts
37%
12Water Polo
33%
11Alpine Skiing
30%
8Gymnastics
28%
14Lacrosse
26%
15Rodeo
2%

Score Distribution

Percentile by Number Answered

Percent of People with Each Score

Your Score History

You have not taken this quiz